[Event "Dundee & Angus Challengers"]
[Site "?"]
[Date "2015.10.10"]
[Round "3"]
[White "Smith, Callum"]
[Black "Shemilt, Jim"]
[Result "1-0"]
[WhiteElo "1483"]
[BlackElo "1778"]
[PlyCount "105"]
[EventDate "2015.??.??"]

1. e4 d6 2. d4 g6 3. Nf3 Bg7 4. Be3 c5 5. Nc3 cxd4 6. Bxd4 Nf6 7. e5 dxe5 8.
Bxe5 O-O 9. Bc4 Nc6 10. Bf4 Bg4 11. Qxd8 Raxd8 12. Ne5 Nxe5 13. Bxe5 Bf5 14.
Bb3 Ne4 15. Bxg7 Kxg7 16. Nxe4 Bxe4 17. f3 Bc6 18. Ke2 Rd6 19. Rad1 Rfd8 20.
Rxd6 Rxd6 21. Rd1 Rxd1 22. Kxd1 e6 23. Kd2 Kf6 24. Ke3 Ke5 25. c3 b5 26. Bc2 f5
27. g3 g5 28. f4+ gxf4+ 29. gxf4+ Kd6 30. Kd4 Bf3 31. Bd3 Bc6 32. b4 a6 33. c4
bxc4 34. Bxc4 Bb5 35. Bxb5 axb5 36. a3 h6 37. h3 h5 38. h4 Ke7 39. Kc5 e5 40.
fxe5 f4 41. Kd4 f3 42. Ke3 f2 43. Kxf2 Ke6 44. Ke3 Kxe5 45. Kd3 Kd5 46. Kc3 Ke5
47. Kb3 Kd5 48. a4 bxa4+ 49. Kxa4 Kc6 50. Ka5 Kb7 51. Kb5 Ka7 52. Kc6 Kb8 53.
Kb6 1-0

[Event "Dundee & Angus Challengers"]
[Site "?"]
[Date "2015.10.10"]
[Round "3"]
[White "Berera, Siddharth"]
[Black "Aitchison, A Keith"]
[Result "1/2-1/2"]
[WhiteElo "1457"]
[BlackElo "1597"]
[PlyCount "48"]
[EventDate "2015.??.??"]

1. d4 Nf6 2. Nf3 g6 3. c4 d5 4. Nc3 Bg7 5. Bf4 c6 6. e3 O-O 7. Be2 dxc4 8. Bxc4
Nh5 9. Bg3 Nxg3 10. hxg3 Bg4 11. Qd2 Nd7 12. O-O-O Nb6 13. Bd3 Nd5 14. Rh4 Bxf3
15. gxf3 Nxc3 16. Qxc3 Qd5 17. Bc4 Qxf3 18. Rf4 Qh5 19. g4 Qg5 20. Qb3 Bf6 21.
Qxb7 c5 22. Qd5 cxd4 23. Qxg5 Bxg5 24. Rfxd4 e6 1/2-1/2

[Event "Dundee & Angus Challengers"]
[Site "?"]
[Date "2015.10.10"]
[Round "3"]
[White "Irving, Neil"]
[Black "Tahiraj, Kavafil"]
[Result "0-1"]
[WhiteElo "1748"]
[BlackElo "1800"]
[PlyCount "62"]
[EventDate "2015.??.??"]

1. Nf3 d5 2. c4 d4 3. g3 Nc6 4. Bg2 e5 5. d3 h6 6. O-O Nf6 7. e3 Be7 8. exd4
exd4 9. Na3 Bxa3 10. bxa3 O-O 11. Bb2 Bg4 12. Qd2 Qd7 13. Rfe1 Rfe8 14. Rad1
Rad8 15. Rxe8+ Rxe8 16. Re1 Rxe1+ 17. Qxe1 b6 18. Kf1 Bh3 19. Ne5 Bxg2+ 20.
Kxg2 Nxe5 21. Qxe5 c5 22. Bc1 Qc6+ 23. Kg1 Qf3 24. Bf4 Qxd3 25. Qb8+ Kh7 26.
Qxa7 Kg6 27. Qxb6 Qxc4 28. Qb1+ d3 29. Qb3 Qe4 30. Be3 c4 31. Qb5 c3 0-1

[Event "Dundee & Angus Challengers"]
[Site "?"]
[Date "2015.10.10"]
[Round "3"]
[White "Smith, John S R"]
[Black "Dempsey, John"]
[Result "0-1"]
[WhiteElo "1712"]
[BlackElo "1612"]
[PlyCount "77"]
[EventDate "2015.??.??"]

1. e4 c5 2. Nc3 Nc6 3. d3 g6 4. g3 Bg7 5. Bg2 e6 6. f4 Nge7 7. Nf3 d5 8. O-O
O-O 9. Qe2 a6 10. Qf2 Nd4 11. Nd1 Bd7 12. c3 Nxf3+ 13. Bxf3 Bc6 14. Qxc5 Rc8
15. Qf2 Bb5 16. Be2 dxe4 17. dxe4 Bxe2 18. Qxe2 Qc7 19. Be3 Rfd8 20. Nf2 b5 21.
Rad1 Nc6 22. a3 Na5 23. Rxd8+ Rxd8 24. Rd1 Nc4 25. Rxd8+ Qxd8 26. Bc1 Bf8 27.
Nd3 Qb6+ 28. Qf2 Qc7 29. Qd4 Bg7 30. e5 Bf8 31. b4 a5 32. Nc5 axb4 33. cxb4 Kg7
34. Nd7 Be7 35. Nf6 Qd8 36. Nd7 h6 37. Kf2 Qc7 38. Nc5 Qc6 39. Qe4 0-1

[Event "Dundee & Angus Challengers"]
[Site "?"]
[Date "2015.10.11"]
[Round "4"]
[White "Shemilt, Jim"]
[Black "Ramazanov, Vagif"]
[Result "1/2-1/2"]
[WhiteElo "1778"]
[BlackElo "1381"]
[PlyCount "55"]

1. e4 c5 2. Nf3 d6 3. d4 cxd4 4. Nxd4 Nf6 5. Nc3 g6 6. Be3 Bg7 7. Bc4 Nc6 8. f3
O-O 9. Qd2 Bd7 10. O-O-O Rc8 11. Bb3 Nxd4 12. Bxd4 b5 13. e5 dxe5 14. Bxe5 Bc6
15. Qe3 Qa5 16. Kb1 b4 17. Ne2 Ng4 18. fxg4 Qxe5 19. Qxe5 Bxe5 20. Bd5 Bb5 21.
Nd4 Bc4 22. Nc6 Bd6 23. Nxa7 Rc7 24. Bxc4 Rxa7 25. g3 Ra5 26. Rd5 Rxd5 27. Bxd5
e5 28. Rc1 1/2-1/2

[Event "Dundee & Angus Challengers"]
[Site "?"]
[Date "2015.10.11"]
[Round "4"]
[White "Aitchison, A Keith"]
[Black "Smith, John S R"]
[Result "1/2-1/2"]
[WhiteElo "1597"]
[BlackElo "1712"]
[PlyCount "63"]

1. d4 Nf6 2. Nc3 d5 3. Nf3 e6 4. Bg5 Nbd7 5. e3 c6 6. a3 Qb6 7. Rb1 Bd6 8. Bxf6
Nxf6 9. Bd3 O-O 10. O-O Qc7 11. h3 b6 12. Re1 a5 13. e4 dxe4 14. Nxe4 Nxe4 15.
Bxe4 Bf4 16. Ne5 Bxe5 17. dxe5 Bb7 18. Qh5 g6 19. Qf3 Rab8 20. Red1 Qxe5 21.
Bxc6 Bxc6 22. Qxc6 Rfe8 23. Qa4 Qe2 24. c3 Red8 25. Re1 Qa6 26. Rbd1 Rxd1 27.
Qxd1 Qb5 28. Re2 Rc8 29. Rd2 Qc5 30. Rd8+ Rxd8 31. Qxd8+ Kg7 32. Qd2 1/2-1/2

[Event "Dundee & Angus Challengers"]
[Site "?"]
[Date "2015.10.11"]
[Round "4"]
[White "Hegde, Stuthi"]
[Black "MacQueen, Andrew"]
[Result "0-1"]
[WhiteElo "1241"]
[BlackElo "1800"]
[PlyCount "70"]

1. d4 g6 2. c4 c5 3. d5 d6 4. Nc3 Bg7 5. Nf3 e6 6. e4 exd5 7. cxd5 Bg4 8. h3
Bxf3 9. Qxf3 Nd7 10. Bb5 a6 11. Bxd7+ Qxd7 12. a4 Ne7 13. O-O O-O 14. Qd3 f5
15. f3 Rf7 16. Be3 Raf8 17. a5 Qc7 18. Qd2 f4 19. Bf2 g5 20. g4 fxg3 21. Bxg3
h6 22. Qe2 Ng6 23. Nd1 Qd7 24. Kh2 Nf4 25. Bxf4 Rxf4 26. Ne3 Be5 27. Kg2 Rh4
28. Nf5 Rxf5 29. exf5 Qxf5 30. Rh1 Rb4 31. Ra2 Qf4 32. Qf2 Rb3 33. h4 g4 34.
Rb1 Rxf3 35. Qc2 Qh2# 0-1

[Event "Dundee & Angus Challengers"]
[Site "?"]
[Date "2015.10.11"]
[Round "4"]
[White "Ward, Andrew"]
[Black "Berera, Siddharth"]
[Result "0-1"]
[WhiteElo "1400"]
[BlackElo "1457"]
[PlyCount "114"]

1. e4 c5 2. Nc3 Nc6 3. Bb5 Nd4 4. Bc4 e6 5. Nf3 Ne7 6. O-O a6 7. d3 g6 8. Nxd4
cxd4 9. Ne2 Bg7 10. f4 d5 11. Bb3 O-O 12. Ng3 b5 13. e5 a5 14. a3 a4 15. Ba2
Qc7 16. Bd2 Rd8 17. Rc1 Qb6 18. Qg4 Bd7 19. h4 h5 20. Nxh5 gxh5 21. Qxh5 Nf5
22. Rf3 Rdc8 23. g4 Nh6 24. f5 Be8 25. Bxh6 f6 26. Bxg7 Bxh5 27. Bxf6 Bxg4 28.
Rg3 exf5 29. Bxd5+ Kh7 30. Bxa8 Rxa8 31. Bg5 Re8 32. Bf6 b4 33. Rf1 bxa3 34.
bxa3 Qb2 35. Rg2 Rb8 36. e6 Qxa3 37. Bxd4 Qd6 38. Rxg4 fxg4 39. Rf7+ Kg8 40.
Rg7+ Kf8 41. Rxg4 Rb1+ 42. Kg2 Qd5+ 43. Re4 Re1 44. Bc5+ Ke8 45. c4 Qa8 46. Kf3
Rxe4 47. dxe4 a3 48. Bd4 a2 49. Ba1 Qa3+ 50. Kg4 Qc1 51. Be5 a1=Q 52. Bxa1 Qxa1
53. Kf5 Qf1+ 54. Kg6 Qxc4 55. Kf5 Qc7 56. e5 Qh7+ 57. Kg5 Ke7 0-1

[Event "Dundee & Angus Challengers"]
[Site "?"]
[Date "2015.10.11"]
[Round "4"]
[White "Pasha, Tariq"]
[Black "D'Costa, Leston"]
[Result "1/2-1/2"]
[WhiteElo "1654"]
[BlackElo "1515"]
[PlyCount "92"]

1. d4 f5 2. c4 Nf6 3. Nf3 e6 4. g3 d5 5. Bg2 c6 6. O-O Be7 7. b3 O-O 8. Ba3 Ne4
9. Bxe7 Qxe7 10. Qc2 Nd7 11. Nc3 b6 12. Rfe1 Bb7 13. Nd2 Qg5 14. e3 Rad8 15.
Rad1 h5 16. Nf3 Qf6 17. h4 g5 18. Nxe4 fxe4 19. Nxg5 Qg6 20. Bh3 Rf6 21. Qe2
Nf8 22. g4 hxg4 23. Qxg4 Bc8 24. Qg3 Rd7 25. Kh2 Rg7 26. Rg1 Qh6 27. Rdf1 Nh7
28. Qb8 Rf8 29. Nxh7 Kxh7 30. Rxg7+ Qxg7 31. Qg3 Qf6 32. Qg4 Rg8 33. Qh5+ Qh6
34. Qxh6+ Kxh6 35. cxd5 exd5 36. Bxc8 Rxc8 37. f3 Kh5 38. fxe4 dxe4 39. Rf4 c5
40. Rxe4 cxd4 41. exd4 Rc2+ 42. Kh3 Rxa2 43. Re5+ Kg6 44. d5 Kf6 45. Re6+ Kf7
46. Re3 Rd2 1/2-1/2

[Event "Dundee & Angus Challengers"]
[Site "MyTown"]
[Date "2015.10.11"]
[Round "4"]
[White "Robertson, Jim"]
[Black "Irving, Neil"]
[Result "0-1"]
[WhiteElo "1502"]
[BlackElo "1740"]
[PlyCount "71"]
[EventDate "2016.02.06"]

{2MB. PentiumII
} 1. d4 d5 2. e3 Nf6 3. Bd3 Bg4 4. Ne2 e6 5. f4 c5 6. c3 Be7
7. O-O Nbd7 8. Nd2 Qb6 9. Nf3 O-O 10. Ng3 Nh5 11. Qc2 Nxg3 12. hxg3 f5 13. Be2
Nf6 14. Ne5 Bxe2 15. Qxe2 Rad8 16. Bd2 Bd6 17. dxc5 Qxc5 18. Nd3 Qc7 19. Nf2 a6
20. a4 Qc6 21. Rfc1 b5 22. axb5 axb5 23. Ra5 Rb8 24. Rca1 Rfd8 25. b4 g6 26.
Be1 h5 27. Qb2 Ne4 28. Nxe4 dxe4 29. Ra6 Qc4 30. Rd1 Bc7 31. Raa1 Bb6 32. Kf2
Rd3 33. Bd2 Rbd8 34. Qc2 Qd5 35. Ke2 Qc6 36. Rab1 0-1

[Event "Dundee & Angus Challengers"]
[Site "?"]
[Date "2015.10.11"]
[Round "5"]
[White "Smith, John S R"]
[Black "MacQueen, Andrew"]
[Result "0-1"]
[WhiteElo "1712"]
[BlackElo "1800"]
[PlyCount "100"]

1. e4 c5 2. Nc3 Nc6 3. d3 g6 4. g3 Bg7 5. Bg2 Nf6 6. f4 d6 7. Nf3 Bg4 8. O-O
Qd7 9. Be3 O-O 10. Qd2 a6 11. Rae1 Bxf3 12. Bxf3 Ng4 13. Bxg4 Qxg4 14. Nd1 Nd4
15. Kg2 Qd7 16. c3 Nc6 17. h3 b6 18. d4 cxd4 19. cxd4 d5 20. e5 Rac8 21. g4 a5
22. Nc3 f5 23. g5 Na7 24. a4 e6 25. Qe2 Rc7 26. h4 Rfc8 27. Rf2 Bf8 28. h5 gxh5
29. Qxh5 Qe8 30. Rh1 Qxh5 31. Rxh5 Rg7 32. Kf3 Bb4 33. Bd2 Rc4 34. Ke3 Rxd4 35.
Rfh2 Bxc3 36. bxc3 Rc4 37. Rh6 Rc6 38. g6 Rxg6 39. Rxh7 Nc8 40. Rh8+ Kf7 41.
Rd8 Rc7 42. Rhh8 Ne7 43. Be1 Rg8 44. Rh7+ Rg7 45. Rhh8 Ng6 46. Rhe8 Rh7 47. Rb8
Rh3+ 48. Ke2 Nxf4+ 49. Kd1 Ng6 50. Red8 Nxe5 0-1

[Event "Dundee & Angus Challengers"]
[Site "?"]
[Date "2015.10.11"]
[Round "5"]
[White "Berera, Siddharth"]
[Black "Dabos-Doukas, Ioannis"]
[Result "0-1"]
[WhiteElo "1457"]
[BlackElo "1614"]
[PlyCount "90"]

1. d4 d5 2. Bf4 Nf6 3. Nd2 c5 4. c3 Nc6 5. e3 Bf5 6. Qb3 Qd7 7. h3 c4 8. Qd1 e6
9. Ngf3 h6 10. Be2 Be7 11. O-O O-O 12. b3 b5 13. Rc1 Ba3 14. Rc2 Bxc2 15. Qxc2
a5 16. e4 Rfc8 17. Ne5 Nxe5 18. dxe5 Nxe4 19. Nxe4 dxe4 20. Qxe4 Qd5 21. Qe3
Qc5 22. Qg3 Kh8 23. Bf3 Rab8 24. Qh4 Qf8 25. g4 Kg8 26. Be4 Be7 27. Qg3 g5 28.
Be3 cxb3 29. Ba7 bxa2 30. Bxb8 Rxb8 31. Ra1 b4 32. cxb4 Rxb4 33. Qf3 Rb2 34.
Qc3 Qb8 35. Qxa5 Rb1+ 36. Bxb1 axb1=Q+ 37. Rxb1 Qxb1+ 38. Kg2 Qe4+ 39. f3 Qc2+
40. Kg3 Bc5 41. Qd8+ Kh7 42. h4 Qf2+ 43. Kh3 Qxh4+ 44. Kg2 Qf2+ 45. Kh3 Qf1+
0-1

[Event "Dundee & Angus Challengers"]
[Site "?"]
[Date "2015.10.11"]
[Round "5"]
[White "Thomas, Phil"]
[Black "Shemilt, Jim"]
[Result "1-0"]
[WhiteElo "1809"]
[BlackElo "1778"]
[PlyCount "31"]

1. e4 e6 2. d4 d5 3. Nd2 Nf6 4. Bd3 dxe4 5. Nxe4 Nc6 6. Nf3 Be7 7. O-O h6 8. c3
Bd6 9. Re1 Nxe4 10. Bxe4 Ne7 11. Ne5 Bxe5 12. dxe5 Qxd1 13. Rxd1 O-O 14. Be3 a5
15. Bc5 Re8 16. Bxe7 1-0

[Event "Dundee & Angus Challengers"]
[Site "?"]
[Date "2015.10.11"]
[Round "5"]
[White "Depasquale, Duncan"]
[Black "Dawson, Euan"]
[Result "0-1"]
[WhiteElo "1140"]
[BlackElo "1322"]
[PlyCount "55"]

1. d4 f5 2. c4 Nf6 3. Nc3 g6 4. Nf3 Bg7 5. g3 d6 6. d5 O-O 7. Bg2 Na6 8. O-O
Nc5 9. Nd2 Rb8 10. Qc2 e5 11. dxe6 Bxe6 12. e4 fxe4 13. Ndxe4 Nfxe4 14. Nxe4
Bf5 15. Re1 Re8 16. f3 Qe7 17. g4 Bxe4 18. fxe4 Qh4 19. Qe2 Bd4+ 20. Kh1 Nd3
21. Bg5 Nf2+ 22. Kg1 Nxg4+ 23. Be3 Qxh2+ 24. Kf1 Nxe3+ 25. Qxe3 Bxe3 26. Rxe3
Rf8+ 27. Rf3 Rxf3+ 28. Bxf3 0-1

[Event "Dundee & Angus Challengers"]
[Site "MyTown"]
[Date "2015.10.11"]
[Round "5"]
[White "Ramazanov, Vagif"]
[Black "Volland, Ben"]
[Result "*"]
[WhiteElo "1381"]
[BlackElo "1573"]
[PlyCount "106"]
[EventDate "2016.02.06"]

{2MB. PentiumII
} 1. e4 e5 2. Nf3 Nc6 3. d4 exd4 4. Nxd4 Bc5 5. Be3 Qf6 6. c3
Bb6 7. g3 Nge7 8. Bg2 d6 9. O-O O-O 10. Na3 a6 11. Nac2 Bd7 12. Qe2 Nxd4 13.
Nxd4 Rad8 14. Rad1 c5 15. Nb3 Qe6 16. Bf4 Bb5 17. Qd2 Bxf1 18. Rxf1 Ng6 19. Bg5
f6 20. Be3 Ne5 21. Bf4 g5 22. Bxe5 dxe5 23. Qe2 Rd6 24. Rd1 Rxd1+ 25. Qxd1 Rd8
26. Qe2 Qd6 27. Qc4+ Kg7 28. Qd5 Qc6 29. Qxc6 Rd1+ 30. Bf1 bxc6 31. Kg2 a5 32.
a4 Rb1 33. Nd2 Rxb2 34. Nc4 Rb3 35. Nxb6 Rxb6 36. Bc4 Rb1 37. Kf3 Rc1 38. Ke2
Rxc3 39. Bd3 c4 40. Kd2 Rxd3+ 41. Kc2 Ra3 42. h3 c5 43. Kd2 Rxa4 44. Kc3 Rb4
45. h4 gxh4 46. gxh4 a4 47. h5 a3 48. h6+ Kxh6 49. f4 exf4 50. e5 fxe5 51. Kd2
Rb3 52. Ke2 f3+ 53. Kd2 Kg5 *

[Event "Dundee & Angus Challengers"]
[Site "?"]
[Date "2015.10.11"]
[Round "5"]
[White "Irving, Neil"]
[Black "Hegde, Stuthi"]
[Result "1-0"]
[WhiteElo "1847"]
[BlackElo "1241"]
[PlyCount "93"]

1. Nf3 d5 2. c4 Nf6 3. cxd5 Nxd5 4. d4 Bf5 5. Nbd2 Nf6 6. Qb3 b6 7. Ne5 e6 8.
e4 Bg6 9. Bb5+ Nfd7 10. Qa4 Bd6 11. Nc6 Nxc6 12. Bxc6 Rc8 13. O-O Qe7 14. e5
Bb4 15. Bxd7+ Qxd7 16. Qxb4 Rd8 17. Nf3 Qd5 18. Bg5 Rd7 19. Rfd1 Bh5 20. Qa3 h6
21. Bh4 Qb7 22. Rac1 a5 23. Rc3 c5 24. Rdc1 O-O 25. dxc5 Qd5 26. h3 bxc5 27.
Rxc5 Qe4 28. Bg3 Rfd8 29. Qb3 Rd3 30. R1c3 R3d7 31. Rc8 Rxc8 32. Rxc8+ Kh7 33.
Qc2 Bg6 34. Qxe4 Bxe4 35. Rc5 Bxf3 36. gxf3 Rd2 37. Rxa5 Rxb2 38. Bf4 Kg6 39.
Be3 Kf5 40. Kg2 h5 41. h4 Rb1 42. a4 Ra1 43. Ra8 Kxe5 44. a5 Kd6 45. a6 Kc7 46.
a7 Kb7 47. Rb8+ 1-0

[Event "Dundee & Angus Challengers"]
[Site "?"]
[Date "2015.10.11"]
[Round "5"]
[White "Barker, Luke"]
[Black "Dempsey, John"]
[Result "1-0"]
[WhiteElo "1714"]
[BlackElo "1612"]
[PlyCount "73"]

1. d4 Nf6 2. Nf3 e6 3. c4 Bb4+ 4. Bd2 Qe7 5. a3 Bxd2+ 6. Nbxd2 d5 7. g3 O-O 8.
Bg2 Nbd7 9. O-O c6 10. Re1 Rd8 11. Qc2 h6 12. b4 Nf8 13. e4 dxe4 14. Nxe4 Nxe4
15. Rxe4 Ng6 16. Rd1 Qf6 17. b5 cxb5 18. cxb5 Bd7 19. Qb3 Qf5 20. Ne5 Nxe5 21.
Rxe5 Qf6 22. Bxb7 Rab8 23. Ba6 Be8 24. Qe3 Qe7 25. Qc3 Qd6 26. Rc5 Bd7 27. a4
Rb6 28. Qc4 Rxa6 29. bxa6 Qb8 30. Rc7 Bc8 31. Qc5 Bxa6 32. Qxa7 Qb3 33. Re1 Bd3
34. Rxf7 e5 35. Rxg7+ Kh8 36. Qc7 Qd5 37. Re7 1-0

[Event "Dundee & Angus Challengers"]
[Site "?"]
[Date "2015.10.11"]
[Round "5"]
[White "D'Costa, Leston"]
[Black "Barker, Luke"]
[Result "1/2-1/2"]
[WhiteElo "1515"]
[BlackElo "1714"]
[PlyCount "100"]

1. e4 c5 2. Nc3 Nc6 3. f4 g6 4. Nf3 Bg7 5. Bb5 a6 6. Bxc6 bxc6 7. O-O Nf6 8. d3
O-O 9. Qe1 d6 10. Qh4 Nh5 11. f5 e6 12. Bg5 Bf6 13. fxg6 fxg6 14. g4 Nf4 15.
Bxf6 Qxf6 16. Ng5 Qxg5 17. Qxg5 Nh3+ 18. Kg2 Nxg5 19. Rxf8+ Kxf8 20. Rf1+ Kg7
21. h4 Nf7 22. g5 a5 23. Kg3 Ba6 24. b3 Rf8 25. Rf6 Nd8 26. e5 dxe5 27. Ne4 Bc8
28. Nd6 Ba6 29. Ne4 Rxf6 30. Nxf6 Nf7 31. Nd7 h6 32. Nxc5 Bc8 33. Kg4 hxg5 34.
hxg5 Kf8 35. Na4 Ke7 36. Nb6 Ba6 37. a3 Kd6 38. b4 axb4 39. axb4 e4 40. dxe4
Ke5 41. Nd7+ Kxe4 42. Nc5+ Kd4 43. Nxa6 e5 44. Nb8 Kd5 45. c4+ Kxc4 46. Nxc6
Kb5 47. Ne7 Kxb4 48. Nxg6 e4 49. Nf4 Kc3 50. g6 Ne5+ $11 1/2-1/2

[Event "Dundee & Angus Major"]
[Site "MyTown"]
[Date "2015.10.09"]
[Round "1"]
[White "Birkett, Callum"]
[Black "Flockhart, Hugh"]
[Result "1/2-1/2"]
[WhiteElo "1229"]
[BlackElo "1425"]
[PlyCount "72"]
[EventDate "2015.10.14"]

{2MB. PentiumII
} 1. e4 d5 2. exd5 Nf6 3. c4 e6 4. Qe2 Be7 5. dxe6 Bxe6 6. Nf3
O-O 7. d4 Re8 8. Be3 Bg4 9. Qc2 Nc6 10. Nbd2 Nb4 11. Qb3 a5 12. c5 Nbd5 13. a3
a4 14. Qd1 Nxe3 15. fxe3 Nd5 16. e4 Ne3 17. Qb1 Nxf1 18. Rxf1 Bf6 19. e5 Bg5
20. Qe4 Bh5 21. Qxb7 Rb8 22. Qa6 Qd5 23. Qxa4 Ra8 24. Qb3 Qxb3 25. Nxb3 Rab8
26. Nfd2 Bg6 27. Rf3 Bh5 28. Rc3 f6 29. Nf3 Bh6 30. Kf2 Bf7 $11 31. Nfd2 Bxd2
32. Nxd2 Rxb2 33. Ke3 fxe5 34. dxe5 Rxe5+ 35. Kf4 Rd5 36. Nc4 Rd7 1/2-1/2

[Event "Dundee & Angus Major"]
[Site "?"]
[Date "2015.10.09"]
[Round "1"]
[White "Kosior, Pawel"]
[Black "Connolly Sams, Lukah"]
[Result "0-1"]
[WhiteElo "1500"]
[BlackElo "1345"]
[PlyCount "150"]

1. e4 e6 2. d4 d5 3. exd5 exd5 4. c4 dxc4 5. Bxc4 Nf6 6. Bg5 Be7 7. Nf3 O-O 8.
Ne5 Bf5 9. O-O Bg6 10. Re1 Nbd7 11. Nxg6 hxg6 12. Qd3 Nb6 13. Bb3 Nfd5 14. Bxe7
Nxe7 15. Nc3 Qd7 16. Re4 Nf5 17. d5 Rfe8 18. Rae1 Rxe4 19. Qxe4 Nd6 20. Qh4 Nf5
21. Qg5 a5 22. g4 Nd4 23. Re7 Qd6 24. Ne4 Nf3+ 25. Kg2 Nxg5 26. Nxd6 cxd6 27.
h4 Nh7 28. Rxb7 a4 29. Rxb6 axb3 30. axb3 Rd8 31. g5 f6 32. f4 Rd7 33. b4 Kf7
34. Kf3 Nf8 35. b5 Ke7 36. Ke4 f5+ 37. Kd4 Rd8 38. Rc6 Nd7 39. Rc7 Rb8 40. Kc4
Kd8 41. Rc6 Nb6+ 42. Kd4 Kd7 43. b3 Nxd5 44. Ra6 Nc7 45. Ra7 Rxb5 46. Kc4 Rc5+
47. Kb4 Kc6 48. Ra1 Nd5+ 49. Ka4 Nxf4 50. b4 Rc4 51. Ka5 Nd5 52. b5+ Kc7 53.
Re1 Rc3 54. b6+ Kb7 55. Re6 Rc5+ 56. Ka4 Nxb6+ 57. Ka3 Nc4+ 58. Ka4 Ne5 59.
Rxd6 Rc4+ 60. Kb5 Rc6 61. Rd8 Nf3 62. Rh8 Nd4+ 63. Kb4 Nf3 64. Kb5 Rc8 65. Rh7
Rg8 66. Kc4 Kc6 67. Kd3 Ne5+ 68. Ke3 Nd7 69. h5 Nf8 70. hxg6 Nxh7 71. gxh7 Rh8
72. g6 Kd5 73. Kf4 Ke6 74. Kg5 f4 75. Kxf4 Kf6 0-1

[Event "Dundee & Angus Major"]
[Site "?"]
[Date "2015.10.09"]
[Round "1"]
[White "Congalton, David"]
[Black "Andrews, Norman"]
[Result "1/2-1/2"]
[WhiteElo "1364"]
[BlackElo "1545"]
[PlyCount "70"]

1. d4 Nf6 2. c4 e6 3. g3 d5 4. Bg2 Be7 5. Nf3 O-O 6. O-O c5 7. cxd5 exd5 8.
dxc5 Bxc5 9. e3 Nc6 10. Qc2 Qe7 11. a3 Bb6 12. b4 h6 13. Bb2 Be6 14. Nbd2 Rac8
15. Qd1 Rfd8 16. Nb3 Bf5 17. Nfd4 Nxd4 18. Nxd4 Bd7 19. Rc1 Rxc1 20. Qxc1 Rc8
21. Qa1 Ne4 22. Qd1 Nf6 23. Qd3 Bxd4 24. Bxd4 Be6 25. Bxa7 Qd7 26. Bd4 Bf5 27.
Qd1 Ne4 28. Qa1 f6 29. Qb2 Bh3 30. b5 Bxg2 31. Kxg2 Ng5 32. f3 Qf5 33. Rf2 Nxf3
34. Qe2 Nxd4 35. exd4 Qd7 1/2-1/2

[Event "Dundee & Angus Major"]
[Site "?"]
[Date "2015.10.09"]
[Round "1"]
[White "Banerjee, Agnijo"]
[Black "Pearson, Walter"]
[Result "1-0"]
[WhiteElo "1240"]
[BlackElo "1478"]
[PlyCount "95"]

1. e4 e5 2. Nf3 Nc6 3. Bc4 Bc5 4. c3 Nf6 5. d4 exd4 6. cxd4 Bb4+ 7. Nc3 Nxe4 8.
O-O Nxc3 9. bxc3 Be7 10. Re1 O-O 11. Bf4 d5 12. Bd3 Bg4 13. Re3 Bf6 14. Qc2 g6
15. Ne5 Nxe5 16. Bxe5 b6 17. h3 Bd7 18. Rg3 Bxe5 19. dxe5 c5 20. Re1 Be6 21.
Qd2 Kg7 22. Qf4 f5 23. h4 h6 24. Be2 Kh7 25. Bd3 Rf7 26. c4 Qd7 27. Rd1 Qa4 28.
Rd2 b5 29. Qe3 d4 30. Qf3 Rc8 31. cxb5 Bxa2 32. Rb2 Be6 33. Bc2 Qa5 34. Bb3
Bxb3 35. Rxb3 Qe1+ 36. Kh2 Qxe5 37. b6 axb6 38. Rxb6 Rg7 39. Rb7 Rcc7 40. Rb6
c4 41. Rb8 Qe4 42. Qa3 Qe7 43. Qa8 Qxh4+ 44. Kg1 g5 45. Rh8+ Kg6 46. Rh3 Qe4
47. R3xh6+ Kf7 48. Qf8# 1-0

[Event "Dundee & Angus Major"]
[Site "?"]
[Date "2015.10.09"]
[Round "1"]
[White "Armstrong, Alexander"]
[Black "Atkins, Graham"]
[Result "1/2-1/2"]
[WhiteElo "1253"]
[BlackElo "1497"]
[PlyCount "128"]

1. e4 g6 2. Nf3 Bg7 3. d4 d6 4. Bc4 e6 5. c3 d5 6. exd5 exd5 7. Be2 Nf6 8. Bg5
O-O 9. Ne5 Qd6 10. Bxf6 Bxf6 11. Bg4 Bxe5 12. Bxc8 Rxc8 13. dxe5 Qxe5+ 14. Qe2
Re8 15. Qxe5 Rxe5+ 16. Kd2 Nd7 17. Na3 c6 18. Rae1 Rae8 19. Nc2 Nc5 20. Rxe5
Rxe5 21. f3 f5 22. Ne1 Kf7 23. Nd3 Nxd3 24. Kxd3 c5 25. b4 b6 26. a4 f4 27.
bxc5 bxc5 28. Rb1 Re3+ 29. Kd2 Re7 30. Rb4 Rc7 31. a5 Ke6 32. Kd3 Kd6 33. a6
Kc6 34. c4 d4 35. Rb2 Re7 36. Kd2 h5 37. h3 h4 38. Rb8 g5 39. Rg8 Re5 40. Rg6+
Kc7 41. Kd1 d3 42. Rg7+ Kb6 43. Rg6+ Ka5 44. Rd6 Re2 45. Rxd3 Rxg2 46. Rd5 Kxa6
47. Rxc5 Kb6 48. Rb5+ Kc6 49. Ra5 Kb6 50. Rb5+ Kc6 51. Ra5 Rg3 52. Ke2 Rxh3 53.
Rxg5 Rg3 54. Rg4 h3 55. Rxf4 Rg2+ 56. Ke3 h2 57. Rh4 Kc5 58. Kd3 a5 59. Kc3 a4
60. Rh5+ Kb6 61. Kb4 Rc2 62. Rh6+ Kb7 63. f4 a3 64. Kxa3 Rxc4 1/2-1/2

[Event "Dundee & Angus Major"]
[Site "?"]
[Date "2015.10.09"]
[Round "1"]
[White "Armstrong, Alan"]
[Black "Lynch, John"]
[Result "1-0"]
[WhiteElo "1416"]
[BlackElo "1169"]
[PlyCount "59"]

1. d4 g6 2. e4 Bg7 3. Nc3 d6 4. Bc4 e5 5. Be3 Nd7 6. Nf3 Qe7 7. h4 Nb6 8. Bb3
Bg4 9. Qd2 Bxf3 10. gxf3 O-O-O 11. O-O-O h5 12. d5 Bh6 13. Kb1 Bxe3 14. fxe3
Nf6 15. a4 a6 16. Qe2 Nfd7 17. a5 Na8 18. Bc4 Nb8 19. b4 Kd7 20. Ka2 Ke8 21.
Rdf1 b5 22. Bb3 c6 23. dxc6 Nxc6 24. Nd5 Qb7 25. c3 Nc7 26. f4 Nxd5 27. Bxd5 f6
28. Rhg1 exf4 29. Rxf4 g5 30. Rxf6 {Time} 1-0

[Event "Dundee & Angus Major"]
[Site "?"]
[Date "2015.10.09"]
[Round "1"]
[White "Armstrong, Kevin"]
[Black "Walsh, Peter"]
[Result "0-1"]
[WhiteElo "1353"]
[BlackElo "1501"]
[PlyCount "50"]

1. d4 Nf6 2. Nc3 d5 3. Nf3 e6 4. e3 Be7 5. Bd3 O-O 6. O-O Nbd7 7. Re1 c5 8.
dxc5 Nxc5 9. e4 dxe4 10. Nxe4 Ncxe4 11. Bxe4 Qxd1 12. Bxh7+ Nxh7 13. Rxd1 Nf6
14. Bg5 Re8 15. Rd4 b6 16. Rad1 Bb7 17. Ne5 Rad8 18. Nd7 Nxd7 19. Rxd7 Bxg5 20.
Rxd8 Rxd8 21. Rxd8+ Bxd8 22. Kf1 Bf6 23. b3 Kf8 24. g4 Bf3 25. h3 Bc3 0-1

[Event "Dundee & Angus Major"]
[Site "?"]
[Date "2015.10.09"]
[Round "1"]
[White "Barron-Majerik, Jan"]
[Black "Waugh, Norman"]
[Result "1-0"]
[WhiteElo "1472"]
[BlackElo "1191"]
[PlyCount "41"]

1. c4 e6 2. Nf3 g6 3. Nc3 Bg7 4. d4 c6 5. Rb1 d5 6. c5 b6 7. b4 bxc5 8. bxc5
Ba6 9. Bf4 Nd7 10. Qa4 Ne7 11. Qxa6 Nxc5 12. dxc5 Bxc3+ 13. Bd2 Bxd2+ 14. Nxd2
O-O 15. e3 Qc8 16. Qa4 Qc7 17. Bd3 a5 18. O-O Rfb8 19. f4 Rb4 20. Rxb4 axb4 21.
Qxa8+ 1-0

[Event "Dundee & Angus Major"]
[Site "MyTown"]
[Date "2015.10.09"]
[Round "1"]
[White "Adams, David"]
[Black "Banerjee, Subhayu"]
[Result "1-0"]
[WhiteElo "1479"]
[BlackElo "1258"]
[PlyCount "88"]
[EventDate "2015.10.14"]

{2MB. PentiumII
} 1. c4 e5 2. Nc3 Nf6 3. Nf3 Nc6 4. e4 a6 5. d4 Bb4 6. Bg5 h6
7. Bxf6 Qxf6 8. d5 Nd4 9. a3 Nxf3+ 10. Qxf3 Qxf3 11. gxf3 Ba5 12. b4 Bb6 13. c5
Ba7 14. d6 cxd6 15. Nd5 O-O 16. cxd6 b5 17. Bh3 Bb7 18. Ne7+ Kh8 19. O-O a5 20.
Rac1 Bb8 21. Rfd1 axb4 22. axb4 Ra6 23. Bxd7 Rb6 24. Bc6 Rd8 25. d7 Bc7 26.
Bxb7 Rxb7 27. Nc6 Rf8 28. d8=Q Bxd8 29. Rxd8 Rxd8 30. Nxd8 Rd7 31. Rc8 Kh7 32.
Nc6 h5 33. Nxe5 Re7 34. Nc6 Rd7 35. Rd8 Rc7 36. Rd6 h4 37. h3 f6 38. f4 Rf7 39.
Nd4 Re7 40. f3 Rb7 41. Rd5 Rc7 42. Rxb5 Rc1+ 43. Kf2 Rd1 44. Nf5 Rd2+ {
Remaining moves undecipherable} 1-0